| 000 | 00706nam a2200229 c 4500 | ||
|---|---|---|---|
| 001 | |||
| 003 | DO-SdBNP | ||
| 005 | 20220524101342.0 | ||
| 008 | 171227s2012 sp a 000 0 spa | ||
| 020 | _a9788449445323 | ||
| 040 |
_aBPMSU _bspa _cBPMSU _e |
||
| 082 |
_a610.73 _bM294e 2012 _222 |
||
| 245 |
_aManual de la enfermería / _cDirección Carlos Gispert ; ilustración Montserrat Marcet. |
||
| 260 |
_aBarcelona : _bEditorial Oceano/Centrum, _c2012 _b |
||
| 300 |
_axvi, 1312 p. : _bil. ; _c26 cm |
||
| 500 | _aIncluye bibliografías e índice. | ||
| 650 | 4 |
_aEnfermería _vManuales. |
|
| 700 | 1 |
_aGispert, Carlos _edirector |
|
| 710 | 2 | _aOCEANO/CENTRUM | |
| 910 | _aVMateo V. | ||
| 942 |
_2ddc _cBK |
||
| 999 |
_c14213 _d14213 |
||